01708nam a2200277 i 450000500170000000700030001700800410002002000180006104000350007908400110011410000370012524500770016225000210023926400390026030000390029933600270033833700330036533800280039852007360042652100610116265000530122365000510127665000400132765000290136770000340139620220317000037.0ta141031s2011 sp a gr 000 0 spa d a9788484700944 aCO-BoRNBPbspacCO-BoRNBPerda aA COR41 aCorentin, Philipped1936-eautor10aPapá!cPhilippe Corentin ; traducción al español: Anna Coll-Vinent aCuarta edición 1aBarcelonabEditorial Corimboc2011 a28 páginasbilustracionesc24 cm atextobtxt2rdacontent asin mediaciónbn2rdamedia avolumenbnc2rdacarrier a Este texto les servirá a todos los pequeños porque se sentirán muy identificados con el tema que trata. En él se narra la historia de un niño que en repetidas veces se ve enfrentado al miedo de pensar que hay un monstruo debajo de su cama, lo que le produce un gran terror. Esta situación lo lleva a recurrir constantemente a la protección de su padre, el que deberá calmarlo y explicarle que los monstruos no existen y son parte de la imaginación de casi todos los pequeños. Pero sin embargo, la historia tiene un vuelco que realmente sorprenderá a todos. La lectura se acompaña de ilustraciones muy llamativas que hacen de la lectura un medio muy entretenido de aprendizaje y reforzamiento en el lenguaje aRecomendado para un público infantil mayor de 9 años17aÁlbumes infantiles francesesySiglo XX2ARMARC17aLiteratura infantil francesaySiglo XX2ARMARC17aAutores francesesySiglo XX2ARMARC17aFamiliavÁlbum2ARMARC1 aColl-Vinent, Annaetraductora